header

Christianity (Record no. 221580)

MARC details
000 -LEADER
fixed length control field 03264nam a2200397 a 4500
082 04 - DEWEY DECIMAL CLASSIFICATION NUMBER
Classification number 230
100 1# - MAIN ENTRY--AUTHOR NAME
Personal name Kennedy, Philip.
245 10 - TITLE STATEMENT
Title Christianity
260 ## - PUBLICATION, DISTRIBUTION, ETC. (IMPRINT)
Place of publication London ;
-- New York :
Name of publisher I.B. Tauris ;
Place of publication New York :
Name of publisher Distributed in the U.S. and Canada exclusively by Palgrave Macmillan,
Year of publication 2011.
300 ## - PHYSICAL DESCRIPTION
Number of Pages xlvii, 310 p. :
Other physical details ill., maps.
490 1# - SERIES STATEMENT
Series statement I.B. Tauris introductions to religion
505 0# - FORMATTED CONTENTS NOTE
Formatted contents note pt. 1. Origins and growth -- pt. 2. Medieval Christianity -- pt. 3. Discovery and diversity -- pt. 4. Enlightenment and modernity.
520 8# - SUMMARY, ETC.
Summary, etc "The Christian faith has the allegiance of one third of the human race. It has succeeded in influencing civilization to such a degree that we now take its existence almost for granted. Yet it might all have been so different. Christianity began with the words and deeds of an obscure village carpenter's son who died a shameful criminal's death at the hands of the Roman subjugators of his country, itself an insignificant outpost of the powerful ruling Empire. The feverish land of biblical Palestine, awash with apocalyptic expectations of deliverance from its foreign overlords, was hardly short of seers and prophets who claimed to be sent visions from God. Yet the followers of this man thought he was different: so different, in fact, that some years after his death and asserted resurrection they scandalously insisted not only that he was sent by God, but that he was God. How a provincial sect, with its seemingly outrageous ideas, became first the sanctioned religion of the Roman Empire and then, over the course of 2000 years, the creed of billions of people, is the improbable story that this book tells. It is a story of freethinkers, friars, fanatics and firebrands, and of the lay people (not just the clerical or the powerful) who have made up the great mass of Christians over the centuries. Many introductions to Christianity are written by Christians, for Christians. This elegant textbook, by contrast, shows that the history of the religion, while often glorious, is not one of unimpeded progress, but something still more remarkable, flawed and human"--Publisher's description, p. [4] of cover.
650 #0 - SUBJECT ADDED ENTRY--TOPICAL TERM
Topical Term Christianity.
Topical Term Church history.
856 40 - ELECTRONIC LOCATION AND ACCESS
Uniform Resource Identifier http://site.ebrary.com/lib/rucke/Doc?id=10480610

No items available.

© 2026 Rongo University
Contact us: librarian | system librarian | Rongo university